| 000 | 00541nam a2200193Ia 4500 | ||
|---|---|---|---|
| 005 | 20250508162508.0 | ||
| 008 | 008 250505s9999 xx 000 0 eng d | ||
| 037 | _aTextual | ||
| 040 |
_aFEDL _beng _cFEDL |
||
| 041 |
_aeng _2eng |
||
| 084 |
_a574, GUT _qFEDL |
||
| 100 |
_aGuttman Burton S _9773284 |
||
| 245 | 0 | _aUnder standing biology | |
| 260 |
_aNew York, USA _bHarcourt Brace Jovanovich _c1983 |
||
| 300 | _axxii,978p. | ||
| 700 |
_a Hopkins Johns W _9773285 |
||
| 942 |
_cTEXL _h574, GUT |
||
| 999 |
_c1376906 _d1376906 |
||